| 000 | 00614nam a22001937a 4500 | ||
|---|---|---|---|
| 005 | 20240823113259.0 | ||
| 010 | _aENG-141397 | ||
| 020 |
_a9788113874847 _c1995.00 |
||
| 035 | _aEN-124929 | ||
| 037 | _bDBAD | ||
| 082 |
_a364.168 _21 |
||
| 100 |
_aBajpai, G.S _970473 |
||
| 245 |
_aOn Cyber crime & Cyber law/ _cBy G.S.Bajpai |
||
| 260 |
_aNew Delhi _bSerials Publications _c2011 |
||
| 270 |
_a4830/24, Prahlad Street, Ansari road, Daryaganj _bNew Delhi _e110002 _mserials@sify.com _k23245225 _l91-11-23272135 |
||
| 300 |
_a628p. _c22cm(hb) |
||
| 700 | _970456 | ||
| 942 |
_2ddc _cEN _h364.168 _mBAJ |
||
| 999 |
_c205232 _d205232 |
||